00809 2200277 4500001002100000005001500021035002000036007000300056008004100059020002200100082001000122084001600132100002000148245014300168250001000311260003400321300002900355650002000384700002000404700002500424700001900449520003000468520001100498990001100509990001100520INLIS00000000000320620190220101122 a0010-0219000148ta190220 g 0 ind  a978-602-14915-9-1 a371.1 a371.1 ISK k0 aISKANDAR, Agung1 aKompetensi Guru :bRefleksi Kristis dan Pemikiran Alternatif /cIskandar Agung, Ikhya Ulumudin, Etty Sofyatiningrum; editor, Lutfi Yansyah acet.1 aJakarta :bEdu Pustaka,c2017 a182 hlm :bilus ;c20 cm aPENDIDIKAN.GURU0 aIKHYA, Ulumudin0 aETTY, Sofyatiningrum0 aLUTFI, Yansyah aBibliografi: hlm. 175-178 aIndeks a6530 a a6530 b